000 01890nam a22002777a 4500
001 41087
003 UA-OsUOA
005 20201223110319.0
007 ta
008 20060915b un ||||| |||| 00| 0 ukr d
020 _a5285000262
040 _aUA-OsUOA
_brus
_cUA-OsUOA
_dUA-OsUOA
041 _arus
080 _a821.161.1
090 _a821.161.1
_bИ51
100 _aИмерманис А.
245 _aПризраки отеля "Голливуд". Гамбургский оракул
260 _aМ.
_bДружба
_c1991
300 _a557 с.
490 _aСоветский детектив
520 _aРоманы видного латышского писателя Анатола Имерманиса входят в серию политических детективов " Мун и Дейли". В основу романа "Призраки отеля "Голливуд" положен реальный факт крушения в Испании в 1969 году американского стратегического бомбардировщика с ядерными установками на борту. Поиски ядерных бомб, ведущихся в рамках исключительной секретности, сопровождается цепью трагических событий. "Гамбургский оракул"- роман о нравах западных политических кругов и прессы. Частные детективы Мун и Дейли рассследуют невероятно запутанную гибель главного редактора прогрессивной газеты.
650 7 _a82 Література. Літературознавство
_2UDC
942 _cBK
_2udc
955 _a3
999 _c327225
_d327225